Commissari Tecnici dell'Italia che hanno vinto un trofeo - Statistics

Statistiche generali
  • Questo quiz è stato fatto 20 volte
  • Il punteggio medio è 4 su 5
Statistiche sulle risposte
Totale trofei Trofei vinti Commissario tecnico % Corretto
1 1 Campionato mondiale Marcello Lippi
100%
1 1 Campionato europeo Roberto Mancini
100%
1 1 Campionato mondiale Enzo Bearzot
84%
3 2 Campionati mondiali; 1 Titolo olimpico Vittorio Pozzo
58%
1 1 Campionato europeo Ferruccio Valcareggi
26%
Nessun quiz corrispondente trovato
Distribuzione punteggi
Percentuale di utenti per punteggio
Percentile per numero di risposta
I tuoi punteggi nel tempo
Non hai fatto questo quiz